000 00743nam a2200241Ia 4500
003 OSt
005 20220918200519.0
006 a|||||r|||| 00| 0
007 ta
008 220917b |||||||| |||| 00| 0 eng d
024 _a89,104
037 _cTextual
040 _aARTS
_cARTS
_beng
041 _2eng
_aeng
082 _aU28.95p1:N65, K5
110 _aSymposium On Meteorological Results Of The International Indian Ocean Expedition, 1965 (Bombay)
_994393
245 0 _aProceedings
260 _c1965
650 _aGEOGRAPHY
700 _aSymposium On Meteorological Results Of The International Indian Ocean Expedition, 1965 (Bombay)
_994394
942 _hU28.95p1:N65, K5
_cTEXL
_2CC
999 _c212774
_d212774